000
00246nam a2200097Ia 4500
001
642495
005
20250826153527.0
008
250824s9999 xx 000 0 und d
245
0
_a
MARTI ANTİK
_c
ANTON ÇEHOV
260
_b
ANTİK DÜNYA KLASİKLERİ
999
_c
642495
_d
642495